000 00630nam a2200193Ia 4500
008 150610s9999 xx 000 0 und d
020 _a9780307455871
050 _aE901.1
_b.O23A3 2006
100 _aObama, Barack
245 4 _aThe audacity of hope:
_bthoughts on reclaiming the American dream /
_cBarack Obama.
250 _a1st ed.
260 _aNew York :
_bVintage Books,
_c2006.
300 _a448pages ;
_c18 cm.
504 _aIncludes index.
520 _aBiography.
650 _aAfrican American legislators
_xBiography.
650 _aObama, Barack
_bPhilosophy.
650 _aUnited States-Congress-Senate
_xBiography.
999 _c287987
_d287987